Спекание железа с добавками нанодисперсных порошков; Современные техника и технологии; Т. 2

Chi tiết về thư mục
Parent link:Современные техника и технологии: 13-я Международная научно-практическая конференция студентов, аспирантов и молодых ученых, г. Томск, 26-30 марта 2007 г./ Томский политехнический университет (ТПУ).— , 2007
Т. 2.— 2007.— С. 192-195
Tác giả chính: Патрушева Е. С.
Tác giả khác: Слосман А. И. Аркадий Иосифович, Матренин С. В. Сергей Вениаминович
Ngôn ngữ:Tiếng Nga
Được phát hành: 2007
Những chủ đề:
Định dạng: MixedMaterials Chương của sách
KOHA link:https://koha.lib.tpu.ru/cgi-bin/koha/opac-detail.pl?biblionumber=221158

MARC

LEADER 00000naa2a2200000 4500
001 221158
005 20240109090839.0
035 |a (RuTPU)RU\TPU\book\241302 
090 |a 221158 
100 |a 20120907d2007 k y0rusy50 ca 
101 0 |a rus 
102 |a RU 
200 1 |a Спекание железа с добавками нанодисперсных порошков  |f Е. С. Патрушева, А. И. Слосман, С. В. Матренин 
320 |a Библиогр.: 4 назв. 
461 0 |0 (RuTPU)RU\TPU\book\136926  |t Современные техника и технологии  |o 13-я Международная научно-практическая конференция студентов, аспирантов и молодых ученых, г. Томск, 26-30 марта 2007 г.  |o труды в 3 т.  |f Томский политехнический университет (ТПУ)  |d 2007 
463 0 |0 (RuTPU)RU\TPU\book\168909  |t Т. 2  |v С. 192-195  |d 2007  |p 492 с. 
610 1 |a железо 
610 1 |a спекание 
610 1 |a нанодисперсные порошки 
610 1 |a нанопорошки 
610 1 |a добавки 
610 1 |a шихта 
610 1 |a плотность 
610 1 |a труды учёных ТПУ 
700 1 |a Патрушева  |b Е. С. 
701 1 |a Слосман  |b А. И.  |c специалист в области материаловедения  |c профессор Томского политехнического университета  |f 1940-  |g Аркадий Иосифович  |3 (RuTPU)RU\TPU\pers\30264 
701 1 |a Матренин  |b С. В.  |c специалист в области материаловедения  |c доцент Томского политехнического университета, кандидат технических наук  |f 1964-  |g Сергей Вениаминович  |3 (RuTPU)RU\TPU\pers\25491  |9 11428 
801 1 |a RU  |b 63413507  |c 20120907 
801 2 |a RU  |b 63413507  |c 20200826  |g RCR 
942 |c BK